000 00315nam a22001457a 4500
003 OSt
005 20160727222352.0
008 160622b xxu||||| |||| 00| 0 eng d
040 _cTest
100 _9437
_aPai, A
245 _aRanak Devi
260 _aIndia Book House
_c1979
300 _aRanak Devi
942 _2ddc
_cBK
999 _c359
_d359